| 000 | 04548nam a22005657a 4500 | ||
|---|---|---|---|
| 005 | 2008061204224.0 | ||
| 008 | 080611t xxu||||| |||| 00| 0 eng d | ||
| 010 | _aB-271520-545 | ||
| 020 |
_a8187107774 _c150.00 |
||
| 035 | _aB-271520-545 | ||
| 040 |
_aDPL _bEN |
||
| 082 | _aS / FAI | ||
| 245 |
_aFairy tales / _cedited by Sonalini Chaudhry Dawar |
||
| 260 |
_bOm Books International _c2007 _aNew Delhi |
||
| 260 |
_bEkta Book Distributors _aNew Delhi |
||
| 270 |
_a4379/4B, Prakash House, Ansari Road, Darya Ganj, _bNew Delhi _e110002 |
||
| 270 |
_a4649-B/21, Ansari Road, Darya Ganj, _bNew Delhi _e110002 |
||
| 300 |
_a79p.: _c25 cm (Hb) _bcol. ill. |
||
| 500 | _aLarge print | ||
| 700 | _aDawar, Sonalini Chaudhry | ||
| 942 |
_cCH _h S _2ddc _mFAI |
||
| 999 |
_c13562 _d13562 |
||